| RUSMARC |
| 000 | | | 03665nac2a22002413x 450 | | 001 | | | fd345bb2-b946-482e-96c3-a01b155ab45b | | 005 | | | 20190219070635.0 | | 100 | ## | $a | 20190115l 1919k y0rusy50 ca | | 101 | 0# | $a | rus | | 102 | ## | $a | RU | | 105 | ## | $a | y z ||||| | | 200 | 1# | $a | Приказы по Министерству Внутренних Дел | | | $j | 08 февраля 1919 - 03 октября 1919 | | 215 | ## | $a | 493 листа | | 251 | ## | $c | Дело | | 300 | ## | $a | Листы: 1-2, 10, 27, 29, 31, 33, 50, 62, 66-67, 85, 87, 130, 197, 204, 212, 249, 253, 270, 285, 286, 336, 376, 378, 428, 448, 452, 466 - поврежденные | | 300 | ## | $a | Машинописный и рукописный текст | | 324 | ## | $a | Подлинники и копии | | 461 | #0 | $1 | 0010f0e3429-2e37-4fb4-ace0-6332d350a692 | | | $1 | 2001 | | | $a | Министерство внутренних дел Российского правительства. Омск | | | $1 | 251 | | | $c | Фонд | | | $1 | 852 | | | $j | 1700 | | | $g | Р | | 462 | #0 | $1 | 00196992368-87aa-4ec8-94b8-d5a64cfcd599 | | | $1 | 2001 | | | $a | Канцелярия министра. 1918-1919 гг. | | | $v | Д. 1 | | | $1 | 251 | | | $c | Опись | | | $1 | 852 | | | $j | 7 | | 601 | 02 | $3 | RU\NLR\AUTH\8810247804 | | | $a | Временное Сибирское правительство | | | $b | Министерство внутренних дел | | 801 | #0 | $a | RU | | | $b | GA_RF | | 801 | #1 | $a | RU | | | $b | ГлавНИВЦ | | | $c | 20190115 | | | $2 | rusmarc | | 801 | #2 | $a | RU | | | $b | ПБ им. Б.Н. Ельцина | | | $c | 20190219 | | | $g | RCR | | | $2 | rusmarc | | 852 | ## | $a | ГА РФ | | | $j | 1 | | 937 | ## | $d | 125586205 | | | $h | ПБ | | 035 | ## | $a | RuPRLIB51055320 | | 856 | ## | $u | http://readingroom.main.prlib.ru/item.aspx?id_node=n125586205&mode=full |
|